Representar el capital / (Record no. 128987)

MARC details
000 -LEADER
fixed length control field 00682nam a22002297a 4500
005 - DATE AND TIME OF LATEST TRANSACTION
control field 20230330120630.0
008 - FIXED-LENGTH DATA ELEMENTS--GENERAL INFORMATION
fixed length control field 170228b ag||||| |||| 00| 0 spa d
020 ## - INTERNATIONAL STANDARD BOOK NUMBER
International Standard Book Number 9789505579860
050 04 - LIBRARY OF CONGRESS CALL NUMBER
Classification number HB501
Item number J36 2013
100 1# - MAIN ENTRY--PERSONAL NAME
Personal name Jameson, Fredric
245 10 - TITLE STATEMENT
Title Representar el capital /
Statement of responsibility, etc Fredric Jameson ; tr. Lidia Mosconi
260 ## - PUBLICATION, DISTRIBUTION, ETC. (IMPRINT)
Place of publication, distribution, etc Buenos Aires, Argentina :
Name of publisher, distributor, etc Fondo de Cultura Económica,
Date of publication, distribution, etc 2013
300 ## - PHYSICAL DESCRIPTION
Extent 193 p. ;
Dimensions 21 cm.
440 #0 - SERIES STATEMENT/ADDED ENTRY--TITLE
Title Filosofía
504 ## - BIBLIOGRAPHY, ETC. NOTE
Bibliography, etc Incluye índice
600 14 - SUBJECT ADDED ENTRY--PERSONAL NAME
Personal name Marx, Karl,
Dates associated with a name 1818-1883
Title of a work Kapital
650 04 - SUBJECT ADDED ENTRY--TOPICAL TERM
Topical term or geographic name as entry element Capitalismo
650 04 - SUBJECT ADDED ENTRY--TOPICAL TERM
Topical term or geographic name as entry element Economía marxista
650 04 - SUBJECT ADDED ENTRY--TOPICAL TERM
Topical term or geographic name as entry element Capital
700 1# - ADDED ENTRY--PERSONAL NAME
Personal name Mosconi, Lilia,
Relator term tr.
942 ## - ADDED ENTRY ELEMENTS (KOHA)
Source of classification or shelving scheme Biblioteca del Cogreso de los Estados Unidos
Koha item type Libro
Holdings
Estado de pérdida Fuente de clasificación Estado del daño No para préstamo Ubicación permanente Ubicación actual Apartado o colección Fecha de adquisición Fuente de adquisición Edición Enumeración de Serie / Cronológica Dependencia de educación superior (DES) Área del conocimiento Clasificación Código de Barras Date last seen Número de copia Tipo de recurso
  Biblioteca del Cogreso de los Estados Unidos     Biblioteca de la Facultad de Psicología Biblioteca de la Facultad de Psicología General 01/03/2017 Fondo Federal 1a. ed. BFP000011906 Ciencias de la Salud Ciencias de la Salud HB501 J36 2013 BFP000011906 01/03/2017 1 Libro